| 000 | 00427nam a2200181Ia 4500 | ||
|---|---|---|---|
| 003 | 0100 | ||
| 008 | 130303s9999 xx 000 0 und d | ||
| 040 | _cARRUPELIB | ||
| 050 | _aHF1359.W6534 2004 | ||
| 100 | _aWolf, Martin | ||
| 245 | _aWhy globalization works | ||
| 260 | _aNew Haven and London | ||
| 260 | _bYale University Press | ||
| 260 | _C2004 | ||
| 300 | _axviii | ||
| 300 | _b 398p. 25cm. | ||
| 942 |
_2lcc _01 |
||
| 999 |
_c61042 _d61042 |
||